000
00311nam a2200121Ia 4500
008
220120s9999||||xx |||||||||||||| ||und||
020
_a
9789382665878
082
_a
621.382 5 BAS
100
_a
Bhasker, J
245
0
_a
VHDL Synthesis prime
260
_a
Pearson education asia
_b
New Delhi
300
_a
208p.
_b
175
999
_c
136328
_d
136328